| 000 | 01760nam2a2200325 4500 | ||
|---|---|---|---|
| 001 | RU\NLR\BIBL_A\010944983 | ||
| 005 | 20250624203041.0 | ||
| 010 |
_a78-5-903781-12-6 _91200 |
||
| 021 |
_aRU _b2015-95386 _95904 |
||
| 035 | _a(NLR Aleph) 010944983 | ||
| 090 |
_a10764074 _c10764074 |
||
| 100 | _a20151225d2015 |||y0rusy50 ca | ||
| 101 | 0 | _arus | |
| 102 | _aRU | ||
| 105 | _aach z 001yy | ||
| 200 | 1 |
_aРусские портреты XVIII - начала XX вв. _e[антология атрибуций, 2015 год] |
|
| 210 |
_aМосква _cАватар _d2015 |
||
| 215 |
_a207 с. _cил., цв. ил., портр., факс. |
||
| 300 | _aОбщ. загл. вып.: Материалы по иконографии | ||
| 320 | _aБиблиогр. в подстроч. примеч. | ||
| 320 | _aИмен. указ. лиц, упоминаемых в первых четырех вып. сб.: с. 182-206 | ||
| 461 | 0 |
_1001RU\NLR\BIBL_A\010302479 _12001#$aМатериалы по русской иконографии$e[сборник]$fКом. по рус. иконографии$g[сост.: С.А. Подстаницкий]$v[Вып.] 4 _910600435 _cМосква _d2013 _fКом. по рус. иконографии _nФонд "Русские Витязи" _o[сборник] _tМатериалы по русской иконографии _v[Вып.] 4 |
|
| 517 | 1 | _aМатериалы по иконографии | |
| 517 | 1 | _aАнтология атрибуций, 2015 год | |
| 606 | 1 |
_aПортрет русский _jСборники _z18 - 20 вв. _92469435 _3RU\NLR\AUTH\661466789 |
|
| 686 | 1 | _aЩ103(2Р=Рус)-475 я43 | |
| 942 | _cBOOK | ||
| 980 | _aNB | ||